| 000 | 00715nam a2200217 a 4500 | ||
|---|---|---|---|
| 005 | 20230517063524.0 | ||
| 008 | 991125s1995 mx 000 0 spa u | ||
| 020 | _a9687165405 | ||
| 035 | _aUPN01000008709 | ||
| 049 | _aCG | ||
| 050 | 4 |
_aLB2544 _bC65 |
|
| 110 | 2 |
_aCentro de Estudios Educativos (México) _928046 |
|
| 245 | 1 | 0 |
_aComentarios a la ley general de educación / _cCentro de Estudios Educativos. |
| 260 |
_aMéxico : _bCEE, _c1995. |
||
| 300 | _a330 p. | ||
| 590 | _a(También localizas un ejemplar en el "Area de Reserva") | ||
| 590 | _aBibliografía Básica (BGTQ) | ||
| 500 | _a1 ejemplar en fotocopia (9687165375) | ||
| 650 | 4 |
_aEducación _xLeyes y legislación _zMéxico _99102 |
|
| 905 | _aLibro | ||
| 999 |
_c8709 _d8709 |
||